Načítá se...

Business law The principles of mercantile law

Podrobná bibliografie
Hlavní autor: Avtar Singh
Médium: Printed Book
Jazyk:English
Vydáno: Lucknow Eastern book company 2011
Vydání:9th ed.
Témata:
LEADER 00549nam a22001697a 4500
003 OSt
008 090527t xxu||||| |||| 00| 0 eng d
080 |a 347.712  |b AVT'11 
100 |a Avtar Singh  |9 18954 
245 |a Business law   |b The principles of mercantile law 
250 |a 9th ed. 
260 |a Lucknow  |b Eastern book company  |c 2011 
300 |a 951p. 
653 |a Mercantile law 
942 |c BK  |6 _ 
999 |c 188147  |d 188147 
952 |0 0  |1 0  |4 0  |6 347712_AVT11  |7 0  |9 242802  |a SLS  |b SLS  |d 2009-05-27  |l 9  |o 347.712 AVT'11  |p SLS010454  |r 2018-05-10  |s 2018-04-07  |w 2009-05-27  |y BK